[Event "Chateauroux op 15th"]
[Site "Chateauroux"]
[Date "2014.10.27"]
[Round "4"]
[White "Zarebski, Cezary"]
[Black "Augonnet, Herve"]
[Result "1-0"]
[WhiteElo "2025"]
[BlackElo "1682"]
[PlyCount "47"]
[EventDate "2014.10.25"]
[EventType "swiss"]
[EventRounds "7"]
[EventCountry "FRA"]
[SourceTitle "EXT 2015"]
[Source "ChessBase"]
[SourceDate "2014.11.20"]
[SourceVersion "1"]
[SourceVersionDate "2014.11.20"]
[SourceQuality "1"]

1. e4 c5 2. Nf3 d6 3. d4 cxd4 4. Nxd4 Nf6 5. Nc3 g6 6. Be3 Bg7 7. f3 0-0 8. Qd2 Nc6 9. 0-0-0 Bd7 10. g4 Rc8 11. h4 h5 12. gxh5 Nxh5 13. Rg1 Kh7 14. Kb1 Ne5 15. f4 Nc4 16. Bxc4 Rxc4 17. f5 Nf6 18. Nd5 Bc6 19. fxg6+ fxg6 20. Ne6 Qc8 21. Nxf8+ Qxf8 22. Qd3 Bb5 23. b3 Rc5 24. c4 1-0